Autobahnen in Sachsen-Anhalt - Statistiken

Allgemein
  • Dieses Quiz wurde 198 mal gespielt
  • Das Durchschnittsergebnis liegt bei 5 aus 7
Antwortstatistiken
Länge Autobahn % Korrekt
84,2 km A2
97%
141,9 km A9
97%
122 km A14
93%
101 km A38
88%
82,5 km A36
74%
4 km A71
47%
8,3 km A143
42%
Keine übereinstimmenden Quizze gefunden
Verteilung der Resultate
Anzahl Personen mit jedem Resultat
Perzentil nach korrekt beantworteten Fragen
Ihre Resultats-Entwicklung
Sie haben dieses Quiz noch nicht gespielt